[Event "DEM U16 2025"]
[Site "Willingen GER"]
[Date "2025.06.09"]
[Round "3"]
[White "Marcziter, Alex"]
[Black "Korchynskyi, Mykola"]
[Result "0-1"]
[Termination "normal"]
[Board "1"]
[BlackTitle "FM"]
[WhiteElo "2102"]
[BlackElo "2335"]
[WhiteClock "00:08:55"]
[BlackClock "00:09:43"]
[PlyCount "79"]
[WhiteFideId "16258126"]
[BlackFideId "34138005"]
[EventCountry "GER"]
[EventRounds "9"]
[EventType "swiss"]
[EventDate "2025.06.07"]

1. Nf3 {[%clk 01:30:48]} {[%emt 00:00:11]} d5 {[%clk 01:30:53]} {[%emt
00:00:07]} 2. g3 {[%clk 01:30:28]} {[%emt 00:00:50]} g6 {[%clk 01:27:57]}
{[%emt 00:03:26]} 3. Bg2 {[%clk 01:28:43]} {[%emt 00:02:14]} Bg7 {[%clk
01:23:13]} {[%emt 00:05:14]} 4. O-O {[%clk 01:27:09]} {[%emt 00:02:03]} e5
{[%clk 01:22:17]} {[%emt 00:01:28]} 5. d3 {[%clk 01:26:12]} {[%emt 00:01:26]}
Nc6 {[%clk 01:22:23]} {[%emt 00:00:24]} 6. Nbd2 {[%clk 01:24:57]} {[%emt
00:01:45]} Nge7 {[%clk 01:22:47]} {[%emt 00:00:07]} 7. e4 {[%clk 01:23:18]}
{[%emt 00:02:09]} O-O {[%clk 01:22:48]} {[%emt 00:00:29]} 8. a4 {[%clk
01:20:58]} {[%emt 00:02:50]} h6 {[%clk 01:13:36]} {[%emt 00:09:42]} 9. exd5
{[%clk 01:18:27]} {[%emt 00:03:00]} Nxd5 {[%clk 01:13:58]} {[%emt 00:00:08]}
10. Nc4 {[%clk 01:17:42]} {[%emt 00:01:15]} Re8 {[%clk 01:13:20]} {[%emt
00:01:08]} 11. Re1 {[%clk 01:15:16]} {[%emt 00:02:55]} Kh7 {[%clk 01:11:17]}
{[%emt 00:02:33]} 12. c3 {[%clk 01:12:11]} {[%emt 00:03:35]} Bf5 {[%clk
01:00:29]} {[%emt 00:11:18]} 13. Nh4 {[%clk 00:59:38]} {[%emt 00:13:03]} Be6
{[%clk 00:57:34]} {[%emt 00:03:26]} 14. Qc2 {[%clk 00:55:12]} {[%emt 00:04:56]}
f5 {[%clk 00:55:53]} {[%emt 00:02:11]} 15. Bd2 {[%clk 00:53:21]} {[%emt
00:02:21]} a5 {[%clk 00:48:36]} {[%emt 00:07:48]} 16. Re2 {[%clk 00:47:58]}
{[%emt 00:05:52]} e4 {[%clk 00:48:56]} {[%emt 00:00:11]} 17. dxe4 {[%clk
00:43:35]} {[%emt 00:04:53]} Ndb4 {[%clk 00:49:00]} {[%emt 00:00:24]} 18. cxb4
{[%clk 00:43:10]} {[%emt 00:00:56]} Nd4 {[%clk 00:49:26]} {[%emt 00:00:05]} 19.
Qd3 {[%clk 00:43:12]} {[%emt 00:00:28]} Nxe2+ {[%clk 00:49:48]} {[%emt
00:00:07]} 20. Qxe2 {[%clk 00:43:38]} {[%emt 00:00:04]} Bxc4 {[%clk 00:50:15]}
{[%emt 00:00:03]} 21. Qxc4 {[%clk 00:43:56]} {[%emt 00:00:11]} Qxd2 {[%clk
00:50:39]} {[%emt 00:00:07]} 22. exf5 {[%clk 00:43:45]} {[%emt 00:00:41]} Qxb2
{[%clk 00:46:25]} {[%emt 00:04:43]} 23. fxg6+ {[%clk 00:42:44]} {[%emt
00:01:31]} Kh8 {[%clk 00:46:49]} {[%emt 00:00:06]} 24. Rd1 {[%clk 00:40:19]}
{[%emt 00:02:54]} Rf8 {[%clk 00:43:47]} {[%emt 00:03:33]} 25. Rf1 {[%clk
00:34:09]} {[%emt 00:06:40]} axb4 {[%clk 00:43:44]} {[%emt 00:00:34]} 26. Qxc7
{[%clk 00:33:38]} {[%emt 00:01:00]} Rxa4 {[%clk 00:41:54]} {[%emt 00:02:20]}
27. Qxb7 {[%clk 00:31:00]} {[%emt 00:03:08]} Ra1 {[%clk 00:37:29]} {[%emt
00:04:55]} 28. Rxa1 {[%clk 00:23:08]} {[%emt 00:08:22]} Qxa1+ {[%clk 00:37:54]}
{[%emt 00:00:04]} 29. Bf1 {[%clk 00:23:33]} {[%emt 00:00:06]} Qf6 {[%clk
00:38:13]} {[%emt 00:00:11]} 30. f4 {[%clk 00:22:41]} {[%emt 00:01:22]} Qd4+
{[%clk 00:37:22]} {[%emt 00:01:21]} 31. Kg2 {[%clk 00:20:58]} {[%emt 00:02:12]}
Qc3 {[%clk 00:36:45]} {[%emt 00:01:07]} 32. Nf3 {[%clk 00:18:51]} {[%emt
00:02:38]} Qc2+ {[%clk 00:20:14]} {[%emt 00:17:02]} 33. Kh1 {[%clk 00:15:52]}
{[%emt 00:03:28]} Qc1 {[%clk 00:12:54]} {[%emt 00:07:50]} 34. Kg1 {[%clk
00:14:08]} {[%emt 00:02:13]} Qc5+ {[%clk 00:12:55]} {[%emt 00:00:30]} 35. Kg2
{[%clk 00:10:55]} {[%emt 00:03:43]} Qc2+ {[%clk 00:12:38]} {[%emt 00:00:47]}
36. Kh1 {[%clk 00:10:19]} {[%emt 00:01:06]} b3 {[%clk 00:08:32]} {[%emt
00:04:36]} 37. Ne5 {[%clk 00:09:12]} {[%emt 00:01:36]} b2 {[%clk 00:08:57]}
{[%emt 00:00:05]} 38. Bd3 {[%clk 00:08:14]} {[%emt 00:01:28]} b1=Q+ {[%clk
00:09:17]} {[%emt 00:00:11]} 39. Qxb1 {[%clk 00:08:36]} {[%emt 00:00:08]} Qxb1+
{[%clk 00:09:43]} {[%emt 00:00:04]} 40. Bxb1 {[%clk 00:08:55]} {[%emt
00:00:10]} 0-1

[Event "DEM U16 2025"]
[Site "Willingen GER"]
[Date "2025.06.09"]
[Round "3"]
[White "Schuricht, Emil Frederick"]
[Black "Sauer, Tim"]
[Result "1-0"]
[Termination "normal"]
[Board "2"]
[WhiteTitle "FM"]
[WhiteElo "2328"]
[BlackElo "2181"]
[WhiteClock "00:21:50"]
[BlackClock "00:04:44"]
[PlyCount "103"]
[WhiteFideId "16270185"]
[BlackFideId "16265726"]
[EventCountry "GER"]
[EventRounds "9"]
[EventType "swiss"]
[EventDate "2025.06.07"]

1. d4 {[%clk 01:30:55]} {[%emt 00:00:03]} d5 {[%clk 01:30:54]} {[%emt
00:00:06]} 2. c4 {[%clk 01:31:22]} {[%emt 00:00:04]} c6 {[%clk 01:31:20]}
{[%emt 00:00:04]} 3. cxd5 {[%clk 01:31:47]} {[%emt 00:00:05]} cxd5 {[%clk
01:31:44]} {[%emt 00:00:05]} 4. Nf3 {[%clk 01:32:14]} {[%emt 00:00:04]} Nf6
{[%clk 01:31:32]} {[%emt 00:00:42]} 5. Nc3 {[%clk 01:32:32]} {[%emt 00:00:12]}
Nc6 {[%clk 01:31:49]} {[%emt 00:00:13]} 6. e3 {[%clk 01:32:53]} {[%emt
00:00:08]} Bf5 {[%clk 00:42:15]} {[%emt 00:50:04]} 7. Ne5 {[%clk 01:33:05]}
{[%emt 00:00:18]} h5 {[%clk 00:18:30]} {[%emt 00:24:15]} 8. Qb3 {[%clk
01:12:15]} {[%emt 00:21:20]} Rb8 {[%clk 00:10:21]} {[%emt 00:08:40]} 9. Bb5
{[%clk 01:09:37]} {[%emt 00:03:08]} Rc8 {[%clk 00:08:55]} {[%emt 00:01:56]} 10.
Qa4 {[%clk 01:07:59]} {[%emt 00:02:07]} Qb6 {[%clk 00:08:04]} {[%emt 00:01:21]}
11. O-O {[%clk 01:05:23]} {[%emt 00:03:06]} e6 {[%clk 00:07:55]} {[%emt
00:00:39]} 12. b3 {[%clk 01:01:34]} {[%emt 00:04:19]} Be7 {[%clk 00:02:34]}
{[%emt 00:05:51]} 13. Ba3 {[%clk 00:59:27]} {[%emt 00:02:37]} O-O {[%clk
00:02:02]} {[%emt 00:01:02]} 14. Bxc6 {[%clk 00:58:50]} {[%emt 00:01:07]} Bxa3
{[%clk 00:02:17]} {[%emt 00:00:16]} 15. Qxa3 {[%clk 00:59:02]} {[%emt
00:00:17]} bxc6 {[%clk 00:02:42]} {[%emt 00:00:06]} 16. Na4 {[%clk 00:58:01]}
{[%emt 00:01:31]} Qa6 {[%clk 00:01:38]} {[%emt 00:01:32]} 17. Qb2 {[%clk
00:48:43]} {[%emt 00:09:50]} Ne4 {[%clk 00:00:54]} {[%emt 00:01:13]} 18. Rfc1
{[%clk 00:47:59]} {[%emt 00:01:14]} Rc7 {[%clk 00:00:39]} {[%emt 00:00:45]} 19.
Nc5 {[%clk 00:44:31]} {[%emt 00:03:58]} Nxc5 {[%clk 00:00:44]} {[%emt
00:00:26]} 20. Rxc5 {[%clk 00:44:54]} {[%emt 00:00:06]} f6 {[%clk 00:00:42]}
{[%emt 00:00:33]} 21. Nf3 {[%clk 00:44:38]} {[%emt 00:00:45]} Qb6 {[%clk
00:00:52]} {[%emt 00:00:20]} 22. Rac1 {[%clk 00:41:36]} {[%emt 00:03:32]} Rfc8
{[%clk 00:00:40]} {[%emt 00:00:43]} 23. h3 {[%clk 00:39:32]} {[%emt 00:02:33]}
Bg6 {[%clk 00:00:38]} {[%emt 00:00:31]} 24. Qc3 {[%clk 00:37:41]} {[%emt
00:02:23]} Be8 {[%clk 00:00:35]} {[%emt 00:00:33]} 25. b4 {[%clk 00:34:24]}
{[%emt 00:03:47]} Kf7 {[%clk 00:00:35]} {[%emt 00:00:29]} 26. Ne1 {[%clk
00:32:45]} {[%emt 00:02:09]} Ke7 {[%clk 00:00:36]} {[%emt 00:00:30]} 27. Nd3
{[%clk 00:31:40]} {[%emt 00:01:35]} Kd8 {[%clk 00:00:35]} {[%emt 00:00:31]} 28.
Ra5 {[%clk 00:29:09]} {[%emt 00:03:01]} Ke7 {[%clk 00:00:34]} {[%emt 00:00:31]}
29. Nc5 {[%clk 00:26:58]} {[%emt 00:02:41]} Kf7 {[%clk 00:00:37]} {[%emt
00:00:26]} 30. Nb3 {[%clk 00:25:26]} {[%emt 00:02:03]} Ke7 {[%clk 00:00:34]}
{[%emt 00:00:33]} 31. Rc5 {[%clk 00:25:35]} {[%emt 00:00:20]} a6 {[%clk
00:00:34]} {[%emt 00:00:31]} 32. Na5 {[%clk 00:22:56]} {[%emt 00:03:09]} Bd7
{[%clk 00:00:35]} {[%emt 00:00:30]} 33. a3 {[%clk 00:22:59]} {[%emt 00:00:26]}
Be8 {[%clk 00:00:58]} {[%emt 00:00:06]} 34. Qc2 {[%clk 00:21:51]} {[%emt
00:01:39]} g6 {[%clk 00:00:35]} {[%emt 00:00:53]} 35. e4 {[%clk 00:19:34]}
{[%emt 00:02:46]} Kf7 {[%clk 00:00:34]} {[%emt 00:00:32]} 36. Qe2 {[%clk
00:15:54]} {[%emt 00:04:09]} Bd7 {[%clk 00:00:35]} {[%emt 00:00:30]} 37. e5
{[%clk 00:14:36]} {[%emt 00:01:48]} f5 {[%clk 00:00:42]} {[%emt 00:00:22]} 38.
Qe3 {[%clk 00:13:48]} {[%emt 00:01:18]} Re8 {[%clk 00:00:35]} {[%emt 00:00:37]}
39. Qg5 {[%clk 00:12:35]} {[%emt 00:01:44]} Kg7 {[%clk 00:00:59]} {[%emt
00:00:06]} 40. Qf6+ {[%clk 00:12:07]} {[%emt 00:00:57]} Kh6 {[%clk 00:00:32]}
{[%emt 00:00:57]} 41. g4 {[%clk 00:05:31]} {[%emt 00:07:06]} Rg8 {[%clk
00:19:51]} {[%emt 00:11:10]} 42. Kh2 {[%clk 00:30:53]} {[%emt 00:05:09]} Kh7
{[%clk 00:08:19]} {[%emt 00:12:02]} 43. Rg1 {[%clk 00:28:28]} {[%emt 00:02:54]}
Bc8 {[%clk 00:03:36]} {[%emt 00:05:15]} 44. gxh5 {[%clk 00:26:44]} {[%emt
00:02:15]} gxh5 {[%clk 00:03:44]} {[%emt 00:00:21]} 45. Rxg8 {[%clk 00:26:50]}
{[%emt 00:00:25]} Kxg8 {[%clk 00:04:04]} {[%emt 00:00:10]} 46. Qg6+ {[%clk
00:26:50]} {[%emt 00:00:29]} Kf8 {[%clk 00:04:01]} {[%emt 00:00:33]} 47. Qxh5
{[%clk 00:25:38]} {[%emt 00:01:42]} Bd7 {[%clk 00:04:01]} {[%emt 00:00:31]} 48.
Qh8+ {[%clk 00:25:03]} {[%emt 00:01:04]} Ke7 {[%clk 00:04:20]} {[%emt
00:00:10]} 49. Qf6+ {[%clk 00:24:05]} {[%emt 00:01:28]} Ke8 {[%clk 00:04:46]}
{[%emt 00:00:05]} 50. Nb3 {[%clk 00:22:01]} {[%emt 00:02:35]} Bc8 {[%clk
00:04:29]} {[%emt 00:00:46]} 51. Qh8+ {[%clk 00:22:08]} {[%emt 00:00:23]} Kf7
{[%clk 00:04:44]} {[%emt 00:00:16]} 52. Rc1 {[%clk 00:21:50]} {[%emt 00:00:48]}
1-0

[Event "DEM U16 2025"]
[Site "Willingen GER"]
[Date "2025.06.09"]
[Round "3"]
[White "Klaska, Philipp Leon"]
[Black "Zobel, Christian"]
[Result "1/2-1/2"]
[Termination "normal"]
[Board "3"]
[WhiteTitle "FM"]
[BlackTitle "CM"]
[WhiteElo "2248"]
[BlackElo "2158"]
[WhiteClock "00:05:15"]
[BlackClock "00:19:40"]
[PlyCount "48"]
[WhiteFideId "16238044"]
[BlackFideId "16259068"]
[EventCountry "GER"]
[EventRounds "9"]
[EventType "swiss"]
[EventDate "2025.06.07"]

1. d4 {[%clk 01:30:52]} {[%emt 00:00:07]} Nf6 {[%clk 01:30:26]} {[%emt
00:00:35]} 2. c4 {[%clk 01:31:04]} {[%emt 00:00:18]} e6 {[%clk 01:30:37]}
{[%emt 00:00:19]} 3. Nc3 {[%clk 01:31:29]} {[%emt 00:00:05]} Bb4 {[%clk
01:30:45]} {[%emt 00:00:21]} 4. e3 {[%clk 01:31:48]} {[%emt 00:00:11]} b6
{[%clk 01:30:26]} {[%emt 00:00:50]} 5. Nge2 {[%clk 01:32:05]} {[%emt 00:00:13]}
Bb7 {[%clk 01:29:31]} {[%emt 00:01:25]} 6. a3 {[%clk 01:29:18]} {[%emt
00:03:17]} Bxc3+ {[%clk 01:27:59]} {[%emt 00:02:02]} 7. Nxc3 {[%clk 01:29:43]}
{[%emt 00:00:06]} O-O {[%clk 01:27:08]} {[%emt 00:01:20]} 8. Bd3 {[%clk
01:25:12]} {[%emt 00:05:00]} d5 {[%clk 01:22:12]} {[%emt 00:05:26]} 9. O-O
{[%clk 01:14:33]} {[%emt 00:11:09]} c5 {[%clk 01:18:26]} {[%emt 00:04:16]} 10.
cxd5 {[%clk 00:57:02]} {[%emt 00:18:01]} exd5 {[%clk 01:17:21]} {[%emt
00:01:36]} 11. b4 {[%clk 00:46:26]} {[%emt 00:11:06]} cxd4 {[%clk 01:09:14]}
{[%emt 00:08:37]} 12. exd4 {[%clk 00:46:43]} {[%emt 00:00:13]} Ne4 {[%clk
01:08:37]} {[%emt 00:01:07]} 13. Bxe4 {[%clk 00:42:36]} {[%emt 00:04:37]} dxe4
{[%clk 01:09:03]} {[%emt 00:00:03]} 14. d5 {[%clk 00:41:56]} {[%emt 00:01:11]}
f5 {[%clk 01:04:43]} {[%emt 00:04:50]} 15. Bb2 {[%clk 00:40:10]} {[%emt
00:02:16]} Nd7 {[%clk 01:02:40]} {[%emt 00:02:33]} 16. Qb3 {[%clk 00:27:32]}
{[%emt 00:13:06]} Qh4 {[%clk 00:51:21]} {[%emt 00:11:50]} 17. Nb5 {[%clk
00:18:18]} {[%emt 00:09:42]} Nf6 {[%clk 00:45:50]} {[%emt 00:06:03]} 18. Nd6
{[%clk 00:14:53]} {[%emt 00:03:53]} Bc8 {[%clk 00:40:02]} {[%emt 00:06:20]} 19.
Nxc8 {[%clk 00:14:23]} {[%emt 00:01:00]} Raxc8 {[%clk 00:40:11]} {[%emt
00:00:21]} 20. d6+ {[%clk 00:12:48]} {[%emt 00:02:05]} Kh8 {[%clk 00:40:25]}
{[%emt 00:00:14]} 21. Rac1 {[%clk 00:08:51]} {[%emt 00:04:26]} Rcd8 {[%clk
00:35:13]} {[%emt 00:05:45]} 22. Qg3 {[%clk 00:06:29]} {[%emt 00:02:48]} Qxg3
{[%clk 00:24:50]} {[%emt 00:10:57]} 23. hxg3 {[%clk 00:06:53]} {[%emt
00:00:05]} Rxd6 {[%clk 00:24:10]} {[%emt 00:01:10]} 24. Rc7 {[%clk 00:05:15]}
{[%emt 00:02:07]} a6 {[%clk 00:19:40]} {[%emt 00:05:01]} 1/2-1/2

[Event "DEM U16 2025"]
[Site "Willingen GER"]
[Date "2025.06.09"]
[Round "3"]
[White "Herrmann, Jakob"]
[Black "Fruth, David"]
[Result "1/2-1/2"]
[Termination "normal"]
[Board "4"]
[WhiteTitle "FM"]
[WhiteElo "2296"]
[BlackElo "2131"]
[WhiteClock "00:14:32"]
[BlackClock "01:04:01"]
[PlyCount "62"]
[WhiteFideId "16287169"]
[BlackFideId "16257596"]
[EventCountry "GER"]
[EventRounds "9"]
[EventType "swiss"]
[EventDate "2025.06.07"]

1. d4 {[%clk 01:30:52]} {[%emt 00:00:07]} Nf6 {[%clk 01:30:57]} {[%emt
00:00:04]} 2. g3 {[%clk 01:31:04]} {[%emt 00:00:18]} e6 {[%clk 01:30:59]}
{[%emt 00:00:29]} 3. c4 {[%clk 01:31:28]} {[%emt 00:00:05]} c5 {[%clk
01:31:24]} {[%emt 00:00:05]} 4. d5 {[%clk 01:31:49]} {[%emt 00:00:09]} exd5
{[%clk 01:31:51]} {[%emt 00:00:03]} 5. cxd5 {[%clk 01:32:15]} {[%emt 00:00:04]}
d6 {[%clk 01:32:17]} {[%emt 00:00:04]} 6. Nc3 {[%clk 01:32:36]} {[%emt
00:00:08]} g6 {[%clk 01:32:38]} {[%emt 00:00:10]} 7. Bg2 {[%clk 01:32:53]}
{[%emt 00:00:13]} Bg7 {[%clk 01:33:06]} {[%emt 00:00:02]} 8. Nf3 {[%clk
01:33:14]} {[%emt 00:00:09]} O-O {[%clk 01:33:33]} {[%emt 00:00:05]} 9. O-O
{[%clk 01:33:38]} {[%emt 00:00:05]} Re8 {[%clk 01:34:00]} {[%emt 00:00:03]} 10.
Re1 {[%clk 01:33:52]} {[%emt 00:00:16]} a6 {[%clk 01:34:12]} {[%emt 00:00:19]}
11. a4 {[%clk 01:33:59]} {[%emt 00:00:23]} Nbd7 {[%clk 01:34:37]} {[%emt
00:00:05]} 12. Qc2 {[%clk 01:21:14]} {[%emt 00:13:21]} Ng4 {[%clk 01:30:30]}
{[%emt 00:04:41]} 13. h3 {[%clk 01:20:13]} {[%emt 00:01:32]} Nge5 {[%clk
01:29:50]} {[%emt 00:01:13]} 14. Nd2 {[%clk 01:20:26]} {[%emt 00:00:17]} c4
{[%clk 01:25:36]} {[%emt 00:04:51]} 15. Rf1 {[%clk 01:03:43]} {[%emt 00:17:38]}
Nc5 {[%clk 01:22:02]} {[%emt 00:04:10]} 16. f4 {[%clk 01:02:07]} {[%emt
00:02:10]} Ned7 {[%clk 01:22:12]} {[%emt 00:00:20]} 17. Nxc4 {[%clk 01:02:05]}
{[%emt 00:00:33]} Nb6 {[%clk 01:22:06]} {[%emt 00:00:37]} 18. Nxb6 {[%clk
00:51:37]} {[%emt 00:11:19]} Qxb6 {[%clk 01:20:19]} {[%emt 00:02:19]} 19. a5
{[%clk 00:52:03]} {[%emt 00:00:04]} Qb3 {[%clk 01:18:45]} {[%emt 00:02:08]} 20.
Qxb3 {[%clk 00:48:38]} {[%emt 00:04:04]} Nxb3 {[%clk 01:18:05]} {[%emt
00:01:11]} 21. Ra3 {[%clk 00:49:05]} {[%emt 00:00:04]} Bxc3 {[%clk 01:13:53]}
{[%emt 00:04:49]} 22. bxc3 {[%clk 00:38:16]} {[%emt 00:11:38]} Nxc1 {[%clk
01:14:13]} {[%emt 00:00:11]} 23. Rxc1 {[%clk 00:38:42]} {[%emt 00:00:04]} Rxe2
{[%clk 01:14:36]} {[%emt 00:00:07]} 24. Rb3 {[%clk 00:39:01]} {[%emt 00:00:10]}
Ra2 {[%clk 01:14:10]} {[%emt 00:00:57]} 25. Rb6 {[%clk 00:39:28]} {[%emt
00:00:04]} Bf5 {[%clk 01:11:20]} {[%emt 00:03:25]} 26. g4 {[%clk 00:28:22]}
{[%emt 00:11:40]} Bd3 {[%clk 01:10:48]} {[%emt 00:01:04]} 27. Rd1 {[%clk
00:28:46]} {[%emt 00:00:06]} Be2 {[%clk 01:08:58]} {[%emt 00:02:25]} 28. Re1
{[%clk 00:27:17]} {[%emt 00:02:05]} Rc8 {[%clk 01:08:06]} {[%emt 00:01:27]} 29.
Rxd6 {[%clk 00:27:01]} {[%emt 00:00:47]} Rxc3 {[%clk 01:08:30]} {[%emt
00:00:06]} 30. Rd8+ {[%clk 00:25:56]} {[%emt 00:01:39]} Kg7 {[%clk 01:08:58]}
{[%emt 00:00:03]} 31. d6 {[%clk 00:14:32]} {[%emt 00:12:33]} Bb5 {[%clk
01:04:01]} {[%emt 00:05:41]} 1/2-1/2

[Event "DEM U16 2025"]
[Site "Willingen GER"]
[Date "2025.06.09"]
[Round "3"]
[White "Lu, Yunong Elias"]
[Black "Steger, Lukas Daniel"]
[Result "1/2-1/2"]
[Termination "normal"]
[Board "5"]
[WhiteElo "2072"]
[BlackElo "2135"]
[WhiteClock "00:08:44"]
[BlackClock "00:11:57"]
[PlyCount "103"]
[WhiteFideId "16276426"]
[BlackFideId "3335151"]
[EventCountry "GER"]
[EventRounds "9"]
[EventType "swiss"]
[EventDate "2025.06.07"]

1. e4 {[%clk 01:30:57]} {[%emt 00:00:02]} c5 {[%clk 01:30:53]} {[%emt
00:00:08]} 2. Nf3 {[%clk 01:31:23]} {[%emt 00:00:04]} Nc6 {[%clk 01:31:15]}
{[%emt 00:00:08]} 3. Bb5 {[%clk 01:31:47]} {[%emt 00:00:06]} Nf6 {[%clk
01:31:33]} {[%emt 00:00:12]} 4. Bxc6 {[%clk 01:31:18]} {[%emt 00:01:00]} dxc6
{[%clk 01:31:57]} {[%emt 00:00:06]} 5. d3 {[%clk 01:31:44]} {[%emt 00:00:04]}
Bg4 {[%clk 01:32:12]} {[%emt 00:00:14]} 6. Nbd2 {[%clk 01:26:40]} {[%emt
00:05:34]} Nd7 {[%clk 01:31:25]} {[%emt 00:01:17]} 7. a3 {[%clk 01:24:13]}
{[%emt 00:02:58]} e5 {[%clk 01:20:34]} {[%emt 00:11:20]} 8. O-O {[%clk
01:21:38]} {[%emt 00:03:04]} f6 {[%clk 01:17:23]} {[%emt 00:03:43]} 9. Nc4
{[%clk 01:19:33]} {[%emt 00:02:35]} Qe7 {[%clk 01:05:20]} {[%emt 00:12:32]} 10.
Bd2 {[%clk 01:04:11]} {[%emt 00:15:52]} h5 {[%clk 00:48:12]} {[%emt 00:17:39]}
11. Ne3 {[%clk 00:58:24]} {[%emt 00:06:17]} Qf7 {[%clk 00:46:04]} {[%emt
00:02:38]} 12. b4 {[%clk 00:50:06]} {[%emt 00:08:48]} Be7 {[%clk 00:40:27]}
{[%emt 00:06:07]} 13. Nf5 {[%clk 00:34:58]} {[%emt 00:15:38]} g6 {[%clk
00:33:40]} {[%emt 00:07:17]} 14. Nxe7 {[%clk 00:33:34]} {[%emt 00:01:55]} Qxe7
{[%clk 00:33:57]} {[%emt 00:00:12]} 15. h3 {[%clk 00:31:51]} {[%emt 00:02:13]}
Nf8 {[%clk 00:28:28]} {[%emt 00:05:59]} 16. bxc5 {[%clk 00:23:32]} {[%emt
00:08:50]} Ne6 {[%clk 00:23:01]} {[%emt 00:05:57]} 17. Re1 {[%clk 00:19:32]}
{[%emt 00:04:30]} Bxf3 {[%clk 00:15:34]} {[%emt 00:07:57]} 18. Qxf3 {[%clk
00:19:52]} {[%emt 00:00:09]} Nd4 {[%clk 00:15:58]} {[%emt 00:00:08]} 19. Qd1
{[%clk 00:19:53]} {[%emt 00:00:28]} Qxc5 {[%clk 00:15:34]} {[%emt 00:00:54]}
20. c3 {[%clk 00:19:30]} {[%emt 00:00:52]} Ne6 {[%clk 00:15:40]} {[%emt
00:00:25]} 21. Qb3 {[%clk 00:19:25]} {[%emt 00:00:35]} Qe7 {[%clk 00:15:27]}
{[%emt 00:00:44]} 22. Be3 {[%clk 00:18:48]} {[%emt 00:01:07]} c5 {[%clk
00:13:40]} {[%emt 00:02:17]} 23. Rad1 {[%clk 00:17:01]} {[%emt 00:02:15]} Rd8
{[%clk 00:12:38]} {[%emt 00:01:32]} 24. Qa4+ {[%clk 00:15:58]} {[%emt
00:01:34]} Kf7 {[%clk 00:12:03]} {[%emt 00:01:05]} 25. d4 {[%clk 00:13:52]}
{[%emt 00:02:36]} b5 {[%clk 00:07:43]} {[%emt 00:04:50]} 26. Qb3 {[%clk
00:12:51]} {[%emt 00:01:32]} cxd4 {[%clk 00:06:49]} {[%emt 00:01:24]} 27. cxd4
{[%clk 00:13:15]} {[%emt 00:00:06]} exd4 {[%clk 00:07:06]} {[%emt 00:00:13]}
28. Bxd4 {[%clk 00:13:21]} {[%emt 00:00:23]} a6 {[%clk 00:04:18]} {[%emt
00:03:19]} 29. e5 {[%clk 00:12:22]} {[%emt 00:01:29]} f5 {[%clk 00:04:15]}
{[%emt 00:00:32]} 30. Bb2 {[%clk 00:12:31]} {[%emt 00:00:19]} Rxd1 {[%clk
00:03:37]} {[%emt 00:01:10]} 31. Rxd1 {[%clk 00:12:05]} {[%emt 00:00:55]} Rd8
{[%clk 00:04:07]} 32. Rc1 {[%clk 00:11:48]} {[%emt 00:00:48]} Qd7 {[%clk
00:03:36]} {[%emt 00:01:01]} 33. g3 {[%clk 00:10:46]} {[%emt 00:01:32]} Kg7
{[%clk 00:02:39]} {[%emt 00:01:27]} 34. Qb4 {[%clk 00:10:15]} {[%emt 00:01:01]}
Kh6 {[%clk 00:02:18]} {[%emt 00:00:52]} 35. Re1 {[%clk 00:03:40]} {[%emt
00:07:03]} Kh7 {[%clk 00:02:12]} {[%emt 00:00:36]} 36. h4 {[%clk 00:02:08]}
{[%emt 00:02:02]} Qb7 {[%clk 00:01:20]} {[%emt 00:01:22]} 37. Rc1 {[%clk
00:01:09]} {[%emt 00:01:29]} Rd7 {[%clk 00:01:07]} {[%emt 00:00:43]} 38. Qb3
{[%clk 00:01:19]} {[%emt 00:00:19]} Qb6 {[%clk 00:01:00]} {[%emt 00:00:38]} 39.
Qf3 {[%clk 00:01:14]} {[%emt 00:00:33]} Qd8 {[%clk 00:00:51]} {[%emt 00:00:42]}
40. Qc6 {[%clk 00:00:58]} {[%emt 00:00:43]} Rd1+ {[%clk 00:00:38]} {[%emt
00:00:46]} 41. Rxd1 {[%clk 00:01:16]} {[%emt 00:00:11]} Qxd1+ {[%clk 00:01:03]}
{[%emt 00:00:05]} 42. Kg2 {[%clk 00:01:21]} {[%emt 00:00:25]} Qb3 {[%clk
00:25:45]} {[%emt 00:05:48]} 43. Qd7+ {[%clk 00:27:14]} {[%emt 00:04:36]} Ng7
{[%clk 00:22:24]} {[%emt 00:03:51]} 44. Bc1 {[%clk 00:26:23]} {[%emt 00:01:21]}
Qe6 {[%clk 00:22:14]} {[%emt 00:00:40]} 45. Qc7 {[%clk 00:26:44]} {[%emt
00:00:09]} Kg8 {[%clk 00:19:32]} {[%emt 00:03:13]} 46. Bg5 {[%clk 00:25:01]}
{[%emt 00:02:13]} Ne8 {[%clk 00:18:24]} {[%emt 00:01:39]} 47. Qc5 {[%clk
00:24:50]} {[%emt 00:00:40]} Kg7 {[%clk 00:16:09]} {[%emt 00:02:45]} 48. Kh2
{[%clk 00:21:43]} {[%emt 00:03:37]} Kg8 {[%clk 00:12:55]} {[%emt 00:03:44]} 49.
Bh6 {[%clk 00:18:12]} {[%emt 00:04:01]} Kh7 {[%clk 00:13:01]} {[%emt 00:00:23]}
50. Bf8 {[%clk 00:18:07]} {[%emt 00:00:34]} Qf7 {[%clk 00:12:36]} {[%emt
00:00:58]} 51. Bd6 {[%clk 00:16:40]} {[%emt 00:01:56]} f4 {[%clk 00:11:57]}
{[%emt 00:01:09]} 52. Qc2 {[%clk 00:08:44]} {[%emt 00:08:26]} 1/2-1/2